Estatísticas para Robert Lewandowski

Clique aqui para jogar o quiz

Estatísticas Gerais

  • Esse quiz foi jogado 55 vezes
  • A pontuação média é 4 de 6

Estatísticas das Respostas

AnosClubes% Correto
2022-Barcelona
100%
2014-2022Bayern de Munique
100%
(Seleção)2008-Polônia
98%
2010-2014Borussia Dortmund
92%
2008-2010Lech Poznan
40%
2006-2008Znicz Pruszków
12%

Distribuição das Pontuações

Percentil de Números Respondidos

Porcentagem de Pessoas com Cada Pontuação

Sua Pontuação Histórica

Você não jogou esse quiz